000 00440nam a2200181Ia 4500
001 20482
005 20260306172809.0
008 260306t2000||||xx |||||||||||||| ||spa||
041 _aESP
082 _a343.302
_bD44
100 _aDefensoria del pueblo
_eAUT
245 0 _aReconocimiento de derechos económicos por parte del estado
260 _c2000
300 _a
_c
650 _aGEN
654 _aCDE
942 _cLIB
_dJUS
_fJUS
_2ddc
_n
999 _c20482
_d20482